| 000 | 00695nam a22001817a 4500 | ||
|---|---|---|---|
| 020 | _a978-969-35-3509-9 | ||
| 082 |
_a891.4393 _bISI |
||
| 100 | _aMazhar‑ul‑Islam | ||
| 245 |
_aSars Crane Apne Khawabon Mein Se Ud Kar Ja Chuke Hain / _cIslam, Mazhar‑ul‑ |
||
| 260 |
_aLahore: _bSang-e-Meel Publications, _c2023. |
||
| 300 |
_a168 p. _c24cm. |
||
| 563 | _aHB. | ||
| 650 |
_aUrdu Literature - Novel. _91164 |
||
| 880 |
_6100-01\(3\r _a مظہر الاسلام |
||
| 880 |
_6245-02\(03\r _aسارس کرین اپنے خوابوں میں سے اڑ کر جا چکے ہیں |
||
| 880 |
_6260-03\(03\r _aلاہور : _bسنگِ میل پبلیکیشنز, _c2023. |
||
| 942 |
_2ddc _cBK |
||
| 999 |
_c614337 _d614337 |
||